000 00306nam a2200133Ia 4500
008 150201s2009 xx 000 0 und d
082 _a616.8
_bE09N
100 _aN,KUMAR
245 _aESSENTIALS OF PSYCHIATRY
250 _a1ST
260 _bAITBS
_aDELHI
_c2009
650 _aPSYCHIATRY
942 _2ddc
_cBK
_02
999 _c625
_d625